Every EToH Tower - Statistics

General Stats
  • This quiz has been taken 18 times
    10 since last reset
  • The average score is 169 of 434
Answer Stats
Difficulty Tower % Correct
Easy ToA
100%
Challenging ToAS
100%
Easy ToAST
100%
Hard ToH
100%
Terrifying ToI
100%
Intense ToIE
100%
Difficult ToL
100%
Challenging ToR
100%
Remorseless ToU
100%
Intense ToY
100%
Remorseless CoL
86%
Intense CoLS
86%
Hard CoV
86%
Remorseless CoWS
86%
Easy MaT
86%
Easy ToB
86%
Challenging ToD
86%
Challenging ToDA
86%
Insane ToDC
86%
Hard ToF
86%
Easy ToG
86%
Hard ToK
86%
Medium ToM
86%
Remorseless ToN
86%
Intense ToO
86%
Hard ToP
86%
DIfficult ToS
86%
Challenging ToSP
86%
Challenging ToT
86%
Difficult ToV
86%
Intense ToW
86%
Difficult ToWE
86%
Intense CoHaD
71%
Intense CoU
71%
Easy NEaT
71%
Intense TaT
71%
Challenging ToAA
71%
Extreme ToAAA
71%
Medium ToAT
71%
Hard ToBH
71%
Medium ToBM
71%
Insane ToC
71%
Difficult ToCH
71%
Remorseless ToCN
71%
Hard ToDAN
71%
Challenging ToDD
71%
Remorseless ToDDD
71%
Hard ToE
71%
Remorseless ToES
71%
Challenging ToFaF
71%
Medium ToGG
71%
Intense ToHF
71%
Medium ToJ
71%
Difficult ToKY
71%
Difficult ToLL
71%
Intense ToLLL
71%
Easy ToME
71%
Medium ToNI
71%
Terrifying ToNS
71%
Medium ToNSA
71%
Hard ToOH
71%
Medium ToPS
71%
Challenging ToSD
71%
Intense ToTF
71%
Hard ToTR
71%
Remorseless ToTS
71%
Medium ToVP
71%
Insane ToVS
71%
Hard ToWER
71%
Remorseless ToZ
71%
Insane TT
71%
Intense CoT
57%
Hard TNF
57%
Medium ToAD
57%
Medium ToBB
57%
Remorseless ToBBB
57%
Remorseless ToBBBB
57%
Insane ToBT
57%
Challenging ToCC
57%
Hard ToCCC
57%
Easy ToCD
57%
Challenging ToDaD
57%
Challenging ToDM
57%
Medium ToDS
57%
Insane ToDT
57%
Catastrophic ToER
57%
Intense ToFF
57%
Easy ToFT
57%
Extreme ToHH
57%
Medium ToIC
57%
Difficult ToII
57%
Intense ToIII
57%
Medium ToKP
57%
Hard ToKTS
57%
Difficult ToLD
57%
Hard ToNBA
57%
Remorseless ToNP
57%
Medium ToNV
57%
Challenging ToOC
57%
Easy ToSH
57%
Difficult ToSI
57%
Intense ToSS
57%
Medium ToSSS
57%
Intense ToTH
57%
Insane ToTL
57%
Hard ToTM
57%
Intense ToUS
57%
Difficult ToWH
57%
Hard ToX
57%
Terrifying WaT
57%
Challenging WBaT
57%
Intense CoCHS
43%
Remorseless CoCR
43%
Remorseless CoP
43%
Remorseless CoQ
43%
Remorseless CoSR
43%
Difficult CoTS
43%
Difficult FFaST
43%
Intense FNaT
43%
Difficult LaT
43%
Challenging NEaF
43%
Easy PaT
43%
Hard SoAP
43%
Challenging SoC
43%
Challenging SoD
43%
Easy SoGC
43%
Easy SoMD
43%
Medium SoP
43%
Hard SoW
43%
Easy SoZZP
43%
Medium ToAC
43%
Extreme ToAE
43%
Remorseless ToAF
43%
Difficult ToAI
43%
Catastrophic ToAM
43%
Terrifying ToAR
43%
Challenging ToAV
43%
Unreal ToBF
43%
Extreme ToBK
43%
Extreme ToBP
43%
Difficult ToBS
43%
Insane ToCA
43%
Catastrophic ToCP
43%
Catastrophic ToCR
43%
Catastrophic ToDIE
43%
Intense ToEA
43%
Insane ToEH
43%
Catastrophic ToEMP
43%
Difficult ToEP
43%
Difficult ToET
43%
Hard ToFJ
43%
Terrifying ToFN
43%
Intense ToFS
43%
Catastrophic ToGF
43%
Remorseless ToGK
43%
Remorseless ToIA
43%
Insane ToIB
43%
Terrifying ToIM
43%
Intense ToIS
43%
Intense ToISC
43%
Insane ToMB
43%
Hard ToMH
43%
Terrifying ToMM
43%
Remorseless ToNED
43%
Intense ToNGUE
43%
Intense ToNN
43%
Challenging ToOO
43%
Intense ToPA
43%
Easy ToPHaT
43%
Remorseless ToPP
43%
Medium ToQR
43%
Insane ToRER
43%
Difficult ToRS
43%
Catastrophic ToRT
43%
Extreme ToSM
43%
Intense ToSR
43%
Insane ToSRT
43%
Hard ToSSSS
43%
Hard ToTA
43%
Extreme ToTB
43%
Challenging ToTC
43%
Intense ToTD
43%
Insane ToTHT
43%
Challenging ToTI
43%
Remorseless ToTJ
43%
Horrific ToTRP
43%
Terrifying ToUA
43%
Insane ToUH
43%
Challenging ToVA
43%
Remorseless ToVE
43%
Difficult ToYS
43%
Remorselss ToYV
43%
Remorseless ToZA
43%
Easy ToZD
43%
Intense CoCE
29%
Intense CoGS
29%
Difficult CoIS
29%
Unreal CoIV
29%
Remorseless CoPE
29%
Intense CoTaW
29%
Remorseless CoTE
29%
Intense CoWN
29%
Difficult SoAR
29%
Medium SoAS
29%
Hard SoAU
29%
Intense SoBA
29%
Challenging SoBC
29%
Difficult SoBCM
29%
Easy SoBJ
29%
Medium SoBT
29%
Challenging SoCA
29%
Intense SoDD
29%
Challenging SoDI
29%
Challenging SoDR
29%
Easy SoDS
29%
Hard SoFF
29%
Challenging SoFW
29%
Hard SoGP
29%
Intense SoHP
29%
Medium SoIF
29%
Intense SoII
29%
Hard SoLIQ
29%
Medium SoLW
29%
Remorseless SoMB
29%
Intense SoMC
29%
Difficult SoME
29%
Easy SoMM
29%
Medium SoN
29%
Medium SoO
29%
Hard SoOA
29%
Difficult SoRA
29%
Difficult SoRIS
29%
Hard SoRO
29%
Difficult SoSIS
29%
Difficult SoTC
29%
Remorseless SoTP
29%
Hard SoUR
29%
Medium SoUV
29%
Difficult SoVV
29%
Challenging SoWC
29%
Difficult SoWP
29%
Challenging SoXA
29%
Hard TIPaT
29%
Intense ToADF
29%
Intense ToAO
29%
Intense ToAZ
29%
Remorseless ToBC
29%
Difficult ToBR
29%
Terrifying ToCaV
29%
Remorseless ToCB
29%
Hard ToCBTS
29%
Challenging ToCI
29%
Hard ToCIAD
29%
Difficult ToCO
29%
Medium ToCOF
29%
Intense ToDE
29%
Intense ToDR
29%
Remorseless ToED
29%
Intense ToEE
29%
Extreme ToEI
29%
Horrific ToEV
29%
Medium ToEW
29%
Extreme ToFaCT
29%
Hard ToFaST
29%
Hard ToFD
29%
Hard ToFH
29%
Challenging ToFL
29%
Terrifying ToFM
29%
Remorseless ToFO
29%
Easy ToFSC
29%
Remorseless ToFSF
29%
Medium ToFZ
29%
Remorseless ToGaH
29%
Hard ToGLA
29%
Challenging ToGM
29%
Intense ToGO
29%
Intense ToGT
29%
Insane ToHA
29%
Intense ToHE
29%
Intense ToHK
29%
Intense ToHL
29%
Difficult ToHP
29%
Insane ToHR
29%
Hard ToHS
29%
Insane ToIF
29%
Terrifying ToJE
29%
Easy ToJGF
29%
Challenging ToLS
29%
Difficult ToMA
29%
Remorseless ToMD
29%
Easy ToMDC
29%
Intense ToMIM
29%
Hard ToMIT
29%
Intense ToMN
29%
Remorseless ToMO
29%
Remorseless ToMT
29%
Intense ToNEF
29%
Remorseless ToNR
29%
Easy ToOD
29%
Intense ToON
29%
Intense ToOOO
29%
Remorseless ToOTTF
29%
Extreme ToPB
29%
Remorseless ToQT
29%
Difficult ToRB
29%
Difficult ToRC
29%
Remorseless ToRNI
29%
Insane ToRoMW
29%
Difficult ToRR
29%
Hard ToRW
29%
Medium ToSA
29%
Challenging ToSaS
29%
Medium ToSaT
29%
Unreal ToSF
29%
Easy ToSFU
29%
Medium ToSL
29%
Extreme ToSO
29%
Hard ToST
29%
Intense ToSW
29%
Extreme ToTDA
29%
Remorseless ToTEM
29%
Hard ToTFC
29%
Challenging ToTINT
29%
Hard ToTST
29%
Intense ToTT
29%
Intense ToTTT
29%
Remorseless ToTV
29%
Difficult ToUD
29%
Remorseless ToUI
29%
Hard ToUID
29%
Challenging ToVF
29%
Horrific ToVH
29%
Catastrophic ToVM
29%
Medium ToVR
29%
Hard ToVT
29%
Challenging ToVV
29%
Challenging ToWEL
29%
Extreme ToWF
29%
Horrific ToWM
29%
Challenging ToWMT
29%
Terrifying ToXIC
29%
Difficult ToXM
29%
Remorseless CoACT
14%
Remorseless CoIC
14%
Remorseless CoOTWI
14%
Challenging SaT
14%
Challenging SoALD
14%
Challenging SoCF
14%
Remorseless SoCV
14%
Remorseless SoFB
14%
Challenging SoGL
14%
Difficult SoHS
14%
Intense SoIB
14%
Remorseless SoMA
14%
Challenging SoSK
14%
Challenging SoTMM
14%
Challenging SoTMN
14%
Intense SoUB
14%
Challenging SoUC
14%
Intense SoWG
14%
Difficult ToABCD
14%
Intense ToADE
14%
Remorseless ToBaBT
14%
Challenging ToBIBI
14%
Challenging ToBL
14%
Difficult ToCaS
14%
Intense ToCaUP
14%
Remorseless ToCM
14%
Intense ToCMC
14%
Intense ToCS
14%
Hard ToCT
14%
DIfficult ToCWC
14%
Challenging ToCZ
14%
Difficult ToDaC
14%
Difficult ToDF
14%
Difficult ToDH
14%
Challenging ToDL
14%
Remorseless ToEC
14%
Intense ToETU
14%
Intense ToFCB
14%
Remorseless ToFFEE
14%
Remorseless ToFG
14%
Intense ToFP
14%
Challenging ToFR
14%
Difficult ToFV
14%
Remorseless ToGD
14%
Challenging ToHM
14%
Intense ToIO
14%
Challenging ToIT
14%
Difficult ToLOZ
14%
Hard ToLR
14%
Challenging ToMC
14%
Remorseless ToMF
14%
Intense ToML
14%
Intense ToNoS
14%
Terrifying ToOLC
14%
Challenging ToPC
14%
Challenging ToPF
14%
Remorseless ToPI
14%
Remorseless ToPL
14%
Insane ToPZ
14%
Intense ToQC
14%
Difficult ToRCH
14%
Remorseless ToRH
14%
Challenging ToRL
14%
Intense ToSaPS
14%
Catastrophic ToSE
14%
Intense ToSRD
14%
Challenging ToSTS
14%
Hard ToSV
14%
Remorseless ToTaSM
14%
Remorseless ToTDF
14%
Intense ToTUTU
14%
Challenging ToUE
14%
Intense ToUT
14%
Remorseless ToVITE
14%
Intense ToWaW
14%
Intense ToWIA
14%
Challenging ToWS
14%
Difficult ToWW
14%
Terrifying ToWWW
14%
Difficult ToYLFW
14%
Difficult ToATD
0%
Challenging ToCE
0%
Challenging ToCF
0%
Challenging ToDTD
0%
Intense ToFU
0%
Challenging ToGV
0%
Remorseless ToHWH
0%
Intense ToIR
0%
Remorseless ToOV
0%
Difficult ToPLA
0%
Intense ToWoW
0%
Intense ToWR
0%
No matching quizzes found
Score Distribution
Percent of People with Each Score
Percentile by Number Answered
Your Score History
You have not taken this quiz since the last reset